Synthesis and characterisation of Cu(II) complexes with biologically active ligands

Guardado en:
Detalles Bibliográficos
Autor principal: Šimunková, Miriama
Formato: Libro
Lenguaje:inglés
Publicado: Bratislava STU FCHPT 2017
Acceso en línea:Ver en el OPAC
Etiquetas: Agregar Etiqueta
Sin Etiquetas, Sea el primero en etiquetar este registro!

MARC

LEADER 00000nam a2200000 a 4500
005 20260127134118.0
008 170731 2017 xo 000 0 eng d
035 |a vtls011704922 
039 9 |y 201707311050  |z mschk03 
040 |a STUSCHK1  |b slo  |c STUSCHK1  |e AACR2 
100 1 |a Šimunková, Miriama 
245 1 |a Synthesis and characterisation of Cu(II) complexes with biologically active ligands 
260 |a Bratislava  |b STU FCHPT  |c 2017 
300 |a 104 s.  |b il.  |c 25 cm 
500 |a Study programme: technical chemistry 
500 |a Study branches combination: Chemistry, Chemical Technologies 
500 |a Workplace: Department of Physical Chemistry 
500 |a Reg. No.: FCHPT-104542-60561 
910 |a SCHK95 
999 |c 4359  |d 4359